Twenty One Pilots - The Pantaloon (Lyrics) - Statistics

General Stats
  • This quiz has been taken 8 times
  • The average score is 199 of 285
Answer Stats
Answer % Correct
a
100%
and
100%
he
100%
pantaloon
100%
the
100%
were
100%
you
100%
Your
100%
your
100%
at
86%
be
86%
died
86%
grandpa
86%
had
86%
his
86%
in
86%
is
86%
lost
86%
mind
86%
never
86%
nine
86%
now
86%
said
86%
so
86%
soon
86%
they
86%
tired
86%
to
86%
too
86%
when
86%
all
71%
are
71%
ate
71%
dad
71%
favorite
71%
fertilize
71%
friends
71%
have
71%
hurt
71%
it
71%
learned
71%
lose
71%
moth
71%
shirt
71%
should
71%
that
71%
through
71%
trust
71%
way
71%
because
57%
build
57%
find
57%
home
57%
it's
57%
know
57%
like
57%
morning
57%
of
57%
walk
57%
wife
57%
yourself
57%
alone
43%
by
43%
'cause
43%
chair
43%
colder
43%
deny
43%
ground
43%
island
43%
night
43%
people
43%
sea
43%
sleep
43%
than
43%
tiny
43%
used
43%
warmer
43%
what
43%
air
29%
bones
29%
can't
29%
either
29%
feeble
29%
frights
29%
held
29%
made
29%
meaning
29%
nightmares
29%
skin
29%
together
29%
turn
29%
across
14%
between
14%
but
14%
fairgrounds
14%
he's
14%
surface
14%
very
14%
walking
14%
around
0%
been
0%
changed
0%
come
0%
end
0%
enough
0%
glide
0%
how
0%
hustle
0%
long
0%
many
0%
moon
0%
seen
0%
staredowns
0%
sun
0%
who
0%
No matching quizzes found
Score Distribution
Percent of People with Each Score
Percentile by Number Answered
Your Score History
You have not taken this quiz